Score 0/5 Timer 01:00
0 Plays Today
Trivia Fact % Correct
Favorite ColorPurple
100%
Favorite Number8
100%
CityCary
77.8%
Zip Code27519
44.4%
Favorite ClassPsychology
22.2%
Remove Ads.
Support Sporcle.
Get the best of Sporcle when you Go Orange. This ad-free experience offers more features, more stats, and more fun while also helping to support Sporcle. Thank you for becoming a member.

You're not logged in!

Compare scores with friends on all Sporcle quizzes.
OR
Log In

Show Comments

Extras

Created Sep 20, 2013ReportNominate

Top Quizzes Today


Score Distribution

Your Account Isn't Verified!

In order to create a playlist on Sporcle, you need to verify the email address you used during registration. Go to your Sporcle Settings to finish the process.

Report this User

Report this user for behavior that violates our Community Guidelines.

Details: